000 00448nam a22001697a 4500
003 NUST - PNEC
005 20170116180933.0
008 150906b xxu||||| |||| 00| 0 eng d
020 _a-
040 _cLIBRARY
082 _a004.16 MCC
100 _98358
_aMcCormick, Edward Mack
245 _aDigital computer primer.
_c Edward Mack McCormick
260 _cc.1959
650 _916663
_aDigital Computer
_xMIS. Computer Science
942 _2ddc
_cBK
999 _c65956
_d65956